| 000 | 01757cam a22003251i 4500 | ||
|---|---|---|---|
| 003 | SA-RiAUC | ||
| 005 | 20241015144711.0 | ||
| 008 | 241014s2010 le g 00000 ara c | ||
| 020 | _a9789953818603 | ||
| 040 |
_aSA-RiAUC _bara _cSA-RiAUC. _erda |
||
| 050 | 4 | _bG45 2010 | |
| 082 | 0 | 4 |
_a258.2 _qSA-RiAUC |
| 090 |
_a258.2 _bغ ر ب |
||
| 100 | 1 |
_aالغرياني، الصادق عبد الرحمن، _d1942- _eمؤلف. |
|
| 245 | 1 | 0 |
_aتطبيقات قواعد الفقه عند المالكية من خلال كتابي إيضاح المسالك للونشريسي وشرح المنهج المنتخب للمنجور / _cالصادق عبد الرحمن الغرياني. |
| 250 | _aالطبعة الأولى. | ||
| 264 | 1 |
_aبيروت : _bدار ابن حزم، _c2010 |
|
| 300 |
_a485 صفحة ؛ _c24 سم |
||
| 336 |
_aنص _btxt _2rdacontent _3كتاب |
||
| 337 |
_aبدون وسيط _bn _2rdamedia |
||
| 338 |
_aمجلد _bnc _2rdacarrier |
||
| 650 | 7 |
_aالفقه المالكي _2aucsh |
|
| 650 | 7 |
_aالقواعد الفقهية _2aucsh |
|
| 650 | 7 |
_aالفقه الإسلامي _xمذاهب _2aucsh |
|
| 700 | 1 | 2 |
_iجمع من (عمل) : _aالونشريسي، أحمد بن يحيى بن محمد، _d834-914 هجري _tإيضاح المسالك إلى قواعد الإمام مالك. |
| 700 | 1 | 2 |
_iجمع من (عمل) : _aالمنجور، أحمد بن علي بن عبد الرحمن، _d926-995 هجري. _tشرح المنهج المنتخب إلى قواعد المذهب |
| 700 | 1 | 2 |
_iشرح لـ (عمل) : _aالزقاق، علي بن قاسم بن محمد، _dتوفي 912 هجري. _tالمنهج المنتخب على قواعد المذهب |
| 942 |
_2ddc _cBOOK _n0 |
||
| 949 |
_aSA-JeALM _d241014 _umohamedma123 _n1 |
||
| 999 |
_c1337 _d1337 |
||